| 000 | 00351pab a2200145 454500 | ||
|---|---|---|---|
| 008 | 180718b2000 xxu||||| |||| 00| 0 eng d | ||
| 100 | _aKashyap, Subhash C. | ||
| 245 | _aWorking of the constitution: need for review | ||
| 260 | _c2000 | ||
| 300 | _ap.10 | ||
| 362 | _a28 Jan | ||
| 650 | _aConstitutions | ||
| 773 | _aDeccan Herald | ||
| 909 | _a45094 | ||
| 999 |
_c45094 _d45094 |
||